Statistics for PlayStation All-Stars Origins

Click here to take the quiz!

General Stats

  • This quiz has been taken 123 times
  • The average score is 15 of 24

Answer Stats

HintAnswer% Correct
KratosGod of War
96%
ZeusGod of War
96%
Nathan DrakeUncharted
88%
SackboyLittle Big Planet
86%
Ratchet and ClankRatchet and Clank
85%
Jak and DaxterJak and Daxter
84%
Sly CooperSly Cooper
75%
Big DaddyBioshock
74%
Cole/Evil Cole MacGrathInfamous
72%
Heihachi MishimaTekken
72%
DanteDMC
71%
ParappaPaRappa the Rapper
71%
RaidenMetal Gear
69%
Fat PrincessFat Princess
64%
Isaac ClarkeDead Space
59%
Sweet ToothTwisted Metal
59%
Colonel RadecKillzone
48%
Sir Daniel FortesqueMediEvil
48%
SpikeApe Escape
40%
NarikoHeavenly Sword
39%
KatGravity Rush
38%
Polygon ManPlayStation
27%
Toro InoueToro
26%
Emmet GravesStarhawk
22%

Score Distribution

Percentile by Number Answered

Percent of People with Each Score

Your Score History

You have not taken this quiz